000 00361nam a2200133Ia 4500
008 220217s9999||||xx |||||||||||||| ||und||
020 _a81-315-0253-8
082 _a004.165 SIE
100 _aSiewert, Sam
245 0 _aReal time embedded system and concepts
260 _aThomoson learning
_bAustralia
_c2007
300 _b325
650 _aMICROPROCESSOR
999 _c177097
_d177097